[Event "SVK-ch U08 Girls"]
[Site "Dudince"]
[Date "2023.04.22"]
[Round "8"]
[White "Mrmusova, Marketa"]
[Black "Csokasova, Lucia"]
[Result "1-0"]
[WhiteElo "1033"]
[BlackElo "1000"]
[PlyCount "83"]
[EventDate "2023.04.16"]
[EventType "swiss"]
[EventRounds "9"]
[EventCountry "SVK"]
[SourceTitle "CBM 213 Extra"]
[Source "ChessBase"]
[SourceDate "2023.05.31"]
[SourceVersion "1"]
[SourceVersionDate "2023.05.31"]
[SourceQuality "1"]

1. e4 e5 2. Nf3 Nf6 3. Nxe5 d6 4. Nf3 Nxe4 5. Qe2 Qe7 6. d3 Nf6 7. Qxe7+ Bxe7 8. Be2 0-0 9. 0-0 Bd7 10. Bg5 h6 11. Bh4 Nc6 12. Nc3 Rfe8 13. Nb5 a6 14. Nxc7 Ra7 15. Nxe8 Bxe8 16. d4 b5 17. a4 d5 18. axb5 axb5 19. Rxa7 Nxa7 20. Ne5 b4 21. Ra1 Nc8 22. Ra8 Nd6 23. Nc6 b3 24. Nxe7+ Kf8 25. Ra7 bxc2 26. Rc7 c1Q+ 27. Rxc1 g5 28. Bg3 Nb5 29. Rc8 Nxd4 30. Ba6 Ne2+ 31. Bxe2 Ne4 32. Be5 Kxe7 33. b4 f6 34. Bd4 h5 35. b5 Nd6 36. b6 Nxc8 37. b7 f5 38. bxc8Q g4 39. Qxf5 g3 40. fxg3 Bd7 41. Qf6+ Ke8 42. Bxh5# 1-0

[Event "SVK-ch U08 Girls"]
[Site "Dudince"]
[Date "2023.04.21"]
[Round "7"]
[White "Csokasova, Lucia"]
[Black "Huttova, Karolina"]
[Result "0-1"]
[WhiteElo "1000"]
[BlackElo "1000"]
[PlyCount "52"]
[EventDate "2023.04.16"]
[EventType "swiss"]
[EventRounds "9"]
[EventCountry "SVK"]
[SourceTitle "CBM 213 Extra"]
[Source "ChessBase"]
[SourceDate "2023.05.31"]
[SourceVersion "1"]
[SourceVersionDate "2023.05.31"]
[SourceQuality "1"]

1. e4 e5 2. f4 exf4 3. Nf3 d5 4. exd5 Qxd5 5. d4 Bd6 6. c4 Qe6+ 7. Be2 Nf6 8. c5 Be7 9. Bxf4 Nd5 10. Bd2 0-0 11. 0-0 b6 12. cxb6 Qxb6 13. Nc3 Be6 14. Rc1 Qxb2 15. Rb1 Qa3 16. Bc1 Qxc3 17. Re1 Bf5 18. Rb2 Ne3 19. Bxe3 Qxb2 20. g4 Bxg4 21. Qb1 Qc3 22. Qc1 Qa5 23. Bd2 Qb6 24. Bd3 Bf6 25. Be4 c6 26. a4 Bxd4+ 0-1